| 000 | 00508nam a2200181Ia 4500 | ||
|---|---|---|---|
| 005 | 20250508152135.0 | ||
| 008 | 008 250505s9999 xx 000 0 eng d | ||
| 037 | _aReference | ||
| 040 |
_aFEDL _beng _cFEDL |
||
| 041 |
_aeng _2eng |
||
| 084 |
_a423, NIC _qFEDL |
||
| 100 |
_aNicholson Margaret _948696 |
||
| 245 | 0 | _aDictionary of American-english usage | |
| 260 |
_aNew York, USA _bOxford University Press _c1957 |
||
| 300 | _a671p. | ||
| 942 |
_cREF _h423, NIC |
||
| 999 |
_c1334526 _d1334526 |
||